[Event "Detroit (MCO/4/25)"]
[Site "?"]
[Date "1990.??.??"]
[Round "?"]
[White "Lester, T."]
[Black "Koger, Melvin"]
[Result "0-1"]
[WhiteElo "1605"]
[BlackElo "1605"]
[PlyCount "59"]
[EventDate "1990.??.??"]

{4/(25)} 1. d4 Nf6 2. c4 e6 3. Nc3 Bb4 4. Bd2 O-O 5. Nf3 b6 6. a3 Bxc3 7. Bxc3
Bb7 8. e3 d5 9. b3 Ne4 10. Bb2 Nd7 11. Bd3 Ndf6 12. O-O dxc4 13. bxc4 Qe7 14.
Qc2 Rfd8 15. Rab1 h6 16. Bc1 c5 17. Re1 Qc7 18. Bb2 Qc6 19. Ne5 Qd6 20. Rbd1
Ng5 21. dxc5 Qxc5 22. Qc1 h5 23. h4 Nge4 24. Bd4 Qe7 25. f3 Ng3 26. e4 Ne8 27.
Bf2 Qxh4 28. Bxg3 Qxg3 29. Re3 Qxe5 30. f4 0-1

[Event "Detroit (MCO/1/13)"]
[Site "?"]
[Date "1990.??.??"]
[Round "?"]
[White "Lester, T."]
[Black "Graham, F."]
[Result "1/2-1/2"]
[WhiteElo "1605"]
[BlackElo "1605"]
[PlyCount "46"]
[EventDate "1990.??.??"]

{1/(13)} 1. e4 e5 2. Nf3 Nc6 3. Nc3 Nf6 4. Bc4 Bc5 5. O-O d6 6. Be2 O-O 7. d3
Nd4 8. Bg5 Be6 9. Qd2 Nxf3+ 10. Bxf3 c6 11. Rfe1 h6 12. Bh4 a6 13. Na4 Ba7 14.
c4 b5 15. cxb5 cxb5 16. Nc3 Rc8 17. a4 Bd4 18. axb5 Bxc3 19. bxc3 axb5 20. d4
g5 21. Bxg5 hxg5 22. Qxg5+ Kh8 23. dxe5 Nh7 1/2-1/2

[Event "Lansing (Feb)"]
[Site "?"]
[Date "1990.??.??"]
[Round "?"]
[White "Lenning, B."]
[Black "Vangilder, W."]
[Result "0-1"]
[WhiteElo "1605"]
[BlackElo "1605"]
[PlyCount "108"]
[EventDate "1990.??.??"]

1. c4 Nf6 2. Nc3 e5 3. g3 Bb4 4. d3 Nc6 5. Bd2 O-O 6. Bg2 Bxc3 7. Bxc3 d6 8. e4
Be6 9. Nf3 Bg4 10. O-O a6 11. a4 Ne7 12. Qd2 Bxf3 13. Bxf3 c6 14. Rfe1 Nd7 15.
d4 f6 16. dxe5 Nxe5 17. Bxe5 fxe5 18. Bg4 Qc7 19. Be6+ Kh8 20. Rf1 Rf6 21. Bh3
Raf8 22. Ra3 Nc8 23. Qe2 Nb6 24. Bg2 Qf7 25. f3 Nxc4 26. Rc3 Na5 27. b4 Nb3 28.
Qc4 Qxc4 29. Rxc4 Nd2 30. Rcc1 Nxf1 31. Rxf1 b5 32. axb5 axb5 33. Kf2 Ra8 34.
Rc1 Ra2+ 35. Kg1 h6 36. Rxc6 Ra1+ 37. Kf2 d5 38. Rxf6 gxf6 39. exd5 Ra2+ 40.
Kg1 f5 41. Bh3 Rb2 42. Bxf5 Rxb4 43. d6 Rd4 44. d7 Kg7 45. Kf1 Kf6 46. g4 b4
47. Ke2 b3 48. h3 b2 49. h4 Rxd7 50. Bxd7 b1=Q 51. g5+ hxg5 52. h5 Qh1 53. Bg4
e4 54. Ke3 Ke5 0-1

[Event "Lansing (Mini-Swiss.6/1)"]
[Site "?"]
[Date "1990.??.??"]
[Round "?"]
[White "Lenning, B."]
[Black "Russell, T."]
[Result "1/2-1/2"]
[WhiteElo "1605"]
[BlackElo "1610"]
[PlyCount "115"]
[EventDate "1990.??.??"]

{6/(1)} 1. c4 Nf6 2. Nc3 e6 3. e3 d5 4. cxd5 Nxd5 5. Nf3 a6 6. g3 Nc6 7. Bg2
Ncb4 8. O-O Nxc3 9. dxc3 Nd3 10. Ne1 Nxc1 11. Qxd8+ Kxd8 12. Rxc1 Rb8 13. Nc2
c5 14. Rfd1+ Kc7 15. b4 b5 16. Rd2 Be7 17. Rcd1 Rd8 18. Rxd8 Bxd8 19. bxc5 Bb7
20. c6 Bxc6 21. Bxc6 Kxc6 22. Nb4+ Kb6 23. Rd7 a5 24. Rd6+ Kc7 25. Nc6 Kxd6 26.
Nxb8 Bf6 27. Kf1 Bxc3 28. Ke2 b4 29. Kd3 a4 30. Kc4 Be1 31. f3 b3 32. axb3 axb3
33. Kxb3 Bf2 34. e4 Bg1 35. h3 Bf2 36. g4 Ke5 37. Nc6+ Kf4 38. Nd8 Kxf3 39.
Nxf7 h6 40. e5 Kg3 41. Nd8 Bd4 42. Nxe6 Bxe5 43. g5 h5 44. g6 Kxh3 45. Ng5+ Kg4
46. Ne4 h4 47. Kc2 Kf5 48. Nd2 Kxg6 49. Nf3 Bg3 50. Kd3 Kf5 51. Ke2 g5 52. Kf1
g4 53. Nd4+ Ke4 54. Ne2 Bc7 55. Kg2 h3+ 56. Kh1 g3 57. Nxg3+ Bxg3 58. Kg1
1/2-1/2

[Event "Lansing (MI Am/2/48)"]
[Site "?"]
[Date "1990.??.??"]
[Round "?"]
[White "Lenning, B."]
[Black "Repas, B."]
[Result "0-1"]
[WhiteElo "1605"]
[BlackElo "1605"]
[PlyCount "80"]
[EventDate "1990.??.??"]

{2/(48)} 1. c4 e5 2. Nc3 Nf6 3. g3 d5 4. cxd5 Nxd5 5. Bg2 c6 6. e3 Nf6 7. d3
Bg4 8. Qb3 Qd7 9. f3 Be6 10. Qc2 Na6 11. Ne4 Nxe4 12. fxe4 Rd8 13. Nf3 f6 14.
d4 Nb4 15. Qc3 c5 16. a3 cxd4 17. exd4 Rc8 18. Qxc8+ Qxc8 19. axb4 Bxb4+ 20.
Bd2 Bxd2+ 21. Kxd2 exd4 22. Rxa7 O-O 23. Nxd4 Qd7 24. Ke3 Rd8 25. Rd1 Qc8 26.
Raa1 Bg4 27. Rd2 Re8 28. Bf3 f5 29. Bxg4 Rxe4+ 30. Kf3 Rxg4 31. Ra5 g6 32. Re5
Qc4 33. Re8+ Kg7 34. Re7+ Kf8 35. Rd7 Qf1+ 36. Rf2 Qd3+ 37. Kg2 Rxd4 38. Rf3
Qc2+ 39. Rf2 Qxf2+ 40. Kxf2 Rxd7 0-1

[Event "Detroit (MI Op/2/23)"]
[Site "?"]
[Date "1990.??.??"]
[Round "?"]
[White "Lehotzky, Attila"]
[Black "Sobh, Hassan"]
[Result "1-0"]
[WhiteElo "2075"]
[BlackElo "1850"]
[PlyCount "97"]
[EventDate "1990.??.??"]

{2/(23)} 1. d4 d5 2. Bf4 e6 3. e3 Bd6 4. Bg3 b6 5. c4 c6 6. Nc3 Bb7 7. Nf3 f5
8. Ne5 Nf6 9. cxd5 Bxe5 10. Bxe5 cxd5 11. Nb5 O-O 12. Nc7 Nc6 13. Nxa8 Bxa8 14.
Bxf6 Qxf6 15. Bb5 f4 16. O-O Ne7 17. Rc1 Qg5 18. exf4 Qxf4 19. Qe2 Rf6 20. Qe5
Qd2 21. Qb8+ Rf8 22. Qxa7 Nf5 23. Qxb6 Nxd4 24. Rcd1 Ne2+ 25. Bxe2 Qxe2 26.
Rde1 Qd2 27. Qxe6+ Kh8 28. Qe7 Qf4 29. Qe5 Qf7 30. Qd4 Bb7 31. Re5 h6 32. Rfe1
Qf6 33. a4 Bc8 34. b4 Bf5 35. Rxd5 Qg6 36. Qc5 Rc8 37. Qd6 Qg5 38. Rc5 Rd8 39.
Qe5 Qd2 40. Rc7 Qg5 41. Qe7 Qxe7 42. Rcxe7 Bc2 43. Re8+ Rxe8 44. Rxe8+ Kh7 45.
a5 g5 46. a6 Ba4 47. Re7+ Kg6 48. a7 Bc6 49. Re6+ 1-0

[Event "Lansing (Apr)"]
[Site "?"]
[Date "1990.??.??"]
[Round "?"]
[White "Lehotzky, Attila"]
[Black "Rogers, Bradley"]
[Result "1-0"]
[WhiteElo "2045"]
[BlackElo "2235"]
[PlyCount "79"]
[EventDate "1990.??.??"]

1. d4 Nf6 2. c4 c5 3. Nf3 g6 4. Bg5 Bg7 5. e3 Ne4 6. Bf4 Qa5+ 7. Nbd2 cxd4 8.
exd4 Nc6 9. Be3 e5 10. d5 Nd4 11. Nxd4 exd4 12. Bf4 O-O 13. Bd3 Nc5 14. Qb1
Re8+ 15. Kf1 Ne6 16. dxe6 dxe6 17. Nb3 Qd8 18. h4 e5 19. Bg5 f6 20. Bd2 f5 21.
Bg5 Qc7 22. h5 e4 23. hxg6 hxg6 24. Be2 Be6 25. Nd2 Kf7 26. g3 Rh8 27. Rxh8
Rxh8 28. Kg2 Be5 29. Nxe4 fxe4 30. Qxe4 Bh3+ 31. Kg1 Bxg3 32. Qf3+ Bf5 33. Qxg3
Qd7 34. Bf3 Rh3 35. Qf4 Kg7 36. Qe5+ Kh7 37. Bd5 d3 38. Re1 d2 39. Bxd2 Be4 40.
Qxe4 1-0

[Event "Detroit (MI Op/6/16)"]
[Site "?"]
[Date "1990.??.??"]
[Round "?"]
[White "Lehotzky, Attila"]
[Black "Owens, James"]
[Result "0-1"]
[WhiteElo "2075"]
[BlackElo "1955"]
[PlyCount "92"]
[EventDate "1990.??.??"]

{6/(16)} 1. d4 Nf6 2. Bf4 g6 3. Nc3 Bg7 4. Qd2 h6 5. h3 d6 6. Nf3 g5 7. Bh2 Bf5
8. e3 Nbd7 9. Bd3 Bxd3 10. Qxd3 c5 11. Ne2 Qb6 12. O-O O-O 13. Rab1 Rac8 14. c3
Qc6 15. Ng3 e6 16. Nd2 Nd5 17. Nh5 c4 18. Qe2 f5 19. f4 N5f6 20. Nxg7 Kxg7 21.
Qf3 g4 22. Qxc6 Rxc6 23. hxg4 Nxg4 24. Rbe1 d5 25. Bg3 Ra6 26. Bh4 Kf7 27. a3
Rb6 28. Rb1 Nxe3 29. Rfe1 Ng4 30. Nf1 Rg8 31. Ng3 Nf8 32. Bd8 Rc6 33. Nxf5 exf5
34. Re7+ Kg6 35. Rxb7 Ne6 36. Ba5 Rg7 37. Rb5 Nxf4 38. Rf1 Ne2+ 39. Kh1 Ng3+
40. Kg1 Nxf1 41. Kxf1 Ne3+ 42. Kf2 Re6 43. Bd8 f4 44. Bh4 Kf5 45. g3 fxg3+ 46.
Bxg3 Nd1+ 0-1

[Event "Flint (MEX/2)"]
[Site "?"]
[Date "1990.??.??"]
[Round "?"]
[White "Lehotzky, Attila"]
[Black "Laren, Philip"]
[Result "0-1"]
[WhiteElo "2065"]
[BlackElo "2165"]
[PlyCount "96"]
[EventDate "1990.??.??"]

1. d4 d5 2. Nf3 e6 3. Bf4 c5 4. e3 Nc6 5. Nbd2 Nf6 6. a3 Be7 7. c3 Bd7 8. Bd3
h6 9. dxc5 Bxc5 10. Nb3 Be7 11. Nbd4 O-O 12. Rc1 Re8 13. Bb1 Nxd4 14. exd4 Bb5
15. Qc2 Bd6 16. Ne5 Qc7 17. f3 Kf8 18. g4 Nd7 19. Nxd7+ Qxd7 20. Bxd6+ Qxd6 21.
Qh7 Qf4 22. Kf2 Qf6 23. Rce1 Rac8 24. Re5 Ke7 25. Rhe1 Kd7 26. Bd3 Bxd3 27.
Qxd3 Kc7 28. Qb5 Red8 29. a4 Kb8 30. a5 a6 31. Qb4 Rc4 32. Qb3 Qf4 33. Kg2 Qd2+
34. R1e2 Qf4 35. Qa3 Rc6 36. b4 Rdc8 37. R5e3 h5 38. gxh5 g6 39. hxg6 Rh8 40.
Kh1 fxg6 41. Qb2 Rxh2+ 42. Rxh2 Qxe3 43. Rh8+ Ka7 44. b5 Qxf3+ 45. Kg1 Qe3+ 46.
Kh1 axb5 47. Qxb5 Qxc3 48. Rh7 Qe1+ 0-1

[Event "Detroit (MI Op/4/6)"]
[Site "?"]
[Date "1990.??.??"]
[Round "?"]
[White "Lehotzky, Attila"]
[Black "Cunningham, R."]
[Result "1/2-1/2"]
[WhiteElo "2075"]
[BlackElo "2230"]
[PlyCount "45"]
[EventDate "1990.??.??"]

{4/(6)} 1. d4 Nf6 2. c4 g6 3. Nf3 Bg7 4. Bf4 O-O 5. Nc3 d6 6. Qd2 Nbd7 7. Bh6
e5 8. Bxg7 Kxg7 9. dxe5 Nxe5 10. Nxe5 dxe5 11. Qxd8 Rxd8 12. e4 Be6 13. f3 c6
14. Rd1 Rxd1+ 15. Kxd1 Rd8+ 16. Kc2 c5 17. Nd5 Bxd5 18. cxd5 Ne8 19. Be2 Nd6
20. Rc1 f5 21. Kd3 Rc8 22. Ke3 Kf6 23. a4 1/2-1/2

[Event "Detroit (MI Op/5/9)"]
[Site "?"]
[Date "1990.??.??"]
[Round "?"]
[White "Laren, Philip"]
[Black "Yahkind, Alex"]
[Result "1-0"]
[WhiteElo "2175"]
[BlackElo "2065"]
[PlyCount "83"]
[EventDate "1990.??.??"]

{5/(9)} 1. d4 f5 2. Nc3 d5 3. Bg5 Nf6 4. e3 e6 5. Bd3 c5 6. dxc5 Bxc5 7. Nf3
Nc6 8. O-O O-O 9. Bb5 Bd6 10. g3 h6 11. Bf4 Bxf4 12. gxf4 a6 13. Ba4 b5 14. Bb3
Bb7 15. Ne2 Ne4 16. Ned4 Qe8 17. Nxe6 Ne7 18. Nxf8 Kxf8 19. Nd4 Qg6+ 20. Kh1
Qf6 21. Qh5 g5 22. f3 Nd6 23. c3 Ng8 24. Rg1 Nf7 25. h4 Kg7 26. hxg5 hxg5 27.
fxg5 Qe5 28. Qh2 Ne7 29. Qxe5+ Nxe5 30. Kg2 Kg6 31. Kg3 Rc8 32. f4 Nc4 33. Rg2
Re8 34. Re1 Nc6 35. Nxc6 Bxc6 36. Bxc4 dxc4 37. Rh2 Be4 38. Rh6+ Kg7 39. Rxa6
Rd8 40. Ra7+ Kg6 41. Re2 Rd1 42. Rh2 1-0

[Event "Detroit (MCO/2/6)"]
[Site "?"]
[Date "1990.??.??"]
[Round "?"]
[White "Laren, Philip"]
[Black "Steen, Harold"]
[Result "1-0"]
[WhiteElo "2205"]
[BlackElo "1820"]
[PlyCount "49"]
[EventDate "1990.??.??"]

{2/(6)} 1. d4 Nf6 2. c4 g6 3. Nc3 Bg7 4. e4 d6 5. Be2 O-O 6. Nf3 e5 7. O-O exd4
8. Nxd4 Na6 9. Re1 Nc5 10. Bf1 Re8 11. f3 a5 12. Ndb5 Bd7 13. Be3 Bxb5 14. Nxb5
b6 15. Qd2 Nfd7 16. Rad1 Ne5 17. Bg5 Qc8 18. h3 Ne6 19. Bh4 h5 20. f4 Nc6 21.
f5 Ned4 22. f6 Bxf6 23. Bxf6 Ne6 24. Qh6 Na7 25. Qh8# 1-0

[Event "Detroit (MI Op/6/3)"]
[Site "?"]
[Date "1990.??.??"]
[Round "?"]
[White "Laren, Philip"]
[Black "Solis, H."]
[Result "0-1"]
[WhiteElo "2175"]
[BlackElo "2280"]
[PlyCount "88"]
[EventDate "1990.??.??"]

{6/(3)} 1. d4 Nf6 2. c4 g6 3. Nc3 Bg7 4. e4 d6 5. Be2 O-O 6. Nf3 e5 7. O-O Nc6
8. d5 Ne7 9. Ne1 Ne8 10. b4 f5 11. f3 f4 12. c5 g5 13. Ba3 h5 14. Rc1 Ng6 15.
Nd3 Rf7 16. Nf2 Bf8 17. Qb3 Nh4 18. Rc2 Rg7 19. g4 Qf6 20. h3 Rh7 21. Ncd1 Qh6
22. Nb2 Nf6 23. Nc4 Rf7 24. b5 Ne8 25. b6 hxg4 26. Nxg4 Bxg4 27. fxg4 axb6 28.
cxd6 Bxd6 29. Bxd6 cxd6 30. Nxb6 Rd8 31. Nc8 Nf6 32. Qb6 Qf8 33. Rfc1 Nxe4 34.
Bd3 Nc5 35. Nxd6 Rxd6 36. Qxc5 Nf3+ 37. Kg2 Nd4 38. Rf2 f3+ 39. Kf1 Qh6 40. Rh2
Qf6 41. Qa3 Kg7 42. Rc8 e4 43. Bxe4 Qf4 44. Rb2 Qxe4 0-1

[Event "Detroit (MCO/4/6)"]
[Site "?"]
[Date "1990.??.??"]
[Round "?"]
[White "Laren, Philip"]
[Black "Owens, James"]
[Result "1-0"]
[WhiteElo "2205"]
[BlackElo "2025"]
[PlyCount "119"]
[EventDate "1990.??.??"]

{4/(6)} 1. d4 Nf6 2. c4 g6 3. Nc3 Bg7 4. e4 d6 5. Be2 O-O 6. Nf3 e5 7. O-O Nc6
8. d5 Ne7 9. Ne1 Nd7 10. f3 f5 11. g4 Nf6 12. Be3 c5 13. Nd3 Bd7 14. Rb1 f4 15.
Bd2 g5 16. b4 cxb4 17. Rxb4 b6 18. Nb5 Be8 19. Rb3 Nc8 20. Nb4 a6 21. Ra3 a5
22. Be1 Rf7 23. Bf2 Na7 24. Nc2 Bf8 25. Rc3 Nxb5 26. cxb5 Nd7 27. Qd2 h5 28. h3
Rh7 29. Rb1 Qf6 30. Bf1 hxg4 31. hxg4 Qh6 32. Bg2 Nc5 33. Na3 Rc8 34. Nc4 Rb8
35. Bxc5 dxc5 36. d6 Qe6 37. a4 Rd7 38. Rd1 Rbd8 39. Bf1 Kg7 40. Qd5 Bf7 41.
Qxe6 Bxe6 42. Nxb6 Rxd6 43. Rxd6 Rxd6 44. Nc4 Bxc4 45. Bxc4 Rd4 46. b6 Bd6 47.
Bb5 Kf6 48. b7 Ke7 49. Kf1 c4 50. Bxc4 Kd8 51. Bb5 Bc7 52. Rc2 Rd1+ 53. Ke2 Rd6
54. Rc1 Rb6 55. Rd1+ Rd6 56. Rh1 Rb6 57. Rh8+ Ke7 58. Rh7+ Kd6 59. Rd7+ Ke6 60.
Rxc7 1-0

[Event "Detroit (MI Op/1a/12)"]
[Site "?"]
[Date "1990.??.??"]
[Round "?"]
[White "Laren, Philip"]
[Black "Calton, David W"]
[Result "1-0"]
[WhiteElo "2175"]
[BlackElo "1905"]
[PlyCount "95"]
[EventDate "1990.??.??"]

1. d4 Nf6 2. c4 g6 3. Nc3 Bg7 4. e4 d6 5. Be2 O-O 6. Nf3 e5 7. O-O Nc6 8. d5
Ne7 9. Ne1 Ne8 10. b4 f5 11. c5 Nf6 12. f3 Nh5 13. Nd3 h6 14. Nb2 g5 15. Nc4
Ng6 16. exf5 Ngf4 17. g4 Nh3+ 18. Kh1 N5f4 19. cxd6 cxd6 20. Ne4 b5 21. Ne3 a6
22. a4 Nxe2 23. Qxe2 Nf4 24. Qa2 Bb7 25. Rd1 Rf7 26. Nf1 Bf8 27. Be3 Be7 28. a5
Qd7 29. Bb6 Bd8 30. Bxd8 Rxd8 31. Ne3 Rc8 32. Rd2 Qd8 33. Rad1 Kh8 34. f6 Rcc7
35. Nf5 Rxf6 36. Nxf6 Qxf6 37. Rc2 Bxd5 38. Rxd5 Rxc2 39. Qxc2 Nxd5 40. Qc8+
Kh7 41. Qb7+ Kg6 42. Qxd5 Kh7 43. Qb7+ Kh8 44. Qc8+ Kh7 45. Qd7+ Kh8 46. Qe8+
Kh7 47. Qd7+ Kh8 48. Qxd6 1-0

[Event "Flint (MEX/1)"]
[Site "?"]
[Date "1990.??.??"]
[Round "?"]
[White "Laren, Philip"]
[Black "Brattin, Vincent"]
[Result "0-1"]
[WhiteElo "2165"]
[BlackElo "2005"]
[PlyCount "80"]
[EventDate "1990.??.??"]

1. d4 d5 2. c4 c6 3. Nf3 Nf6 4. Nc3 e6 5. e3 Bd6 6. Qc2 O-O 7. b3 Nbd7 8. Bb2
b6 9. cxd5 exd5 10. Bd3 Bb7 11. O-O Rc8 12. Rac1 Re8 13. Bf5 Rc7 14. Rfe1 Nf8
15. Ne2 c5 16. Nc3 a6 17. Qb1 cxd4 18. Nxd4 Ne4 19. g3 Bb4 20. Nde2 Nd2 21. Qa1
Nf3+ 22. Kf1 Nxe1 23. Rxe1 Qg5 24. Nd4 Ne6 25. h4 Qh5 26. Bh3 Nxd4 27. exd4
Rxe1+ 28. Qxe1 Re7 29. Qd2 a5 30. Qf4 Re8 31. Bg4 Qg6 32. Qf3 Bxc3 33. Bf5 Qf6
34. Bxc3 Bc8 35. g4 Bxf5 36. gxf5 Qxh4 37. Bd2 Qxd4 38. Be3 Qd3+ 39. Kg1 d4 40.
Qc6 Rf8 0-1

[Event "Detroit (MI Op/3/1)"]
[Site "?"]
[Date "1990.??.??"]
[Round "?"]
[White "Laren, Philip"]
[Black "Basin, Leonid"]
[Result "0-1"]
[WhiteElo "2175"]
[BlackElo "2450"]
[PlyCount "90"]
[EventDate "1990.??.??"]

{3/(1)} 1. d4 Nf6 2. c4 c5 3. d5 g6 4. Nc3 Bg7 5. Nf3 O-O 6. Bg5 d6 7. Qd2 Re8
8. e4 e6 9. Bd3 exd5 10. Nxd5 Na6 11. O-O Nc7 12. h3 Ncxd5 13. exd5 Bd7 14. Qf4
Nh5 15. Qxd6 f6 16. Bd2 Bf8 17. Qh2 Qb6 18. Bc3 Bd6 19. g3 Qc7 20. Rae1 a6 21.
Nd2 f5 22. Nf3 b5 23. b3 b4 24. Bb2 h6 25. Qg2 a5 26. Rxe8+ Rxe8 27. Re1 Rxe1+
28. Nxe1 Be5 29. Bc1 Bc3 30. Nf3 g5 31. Nh2 Qe5 32. Be3 f4 33. Bxc5 fxg3 34.
Nf3 Qc7 35. Be3 gxf2+ 36. Kxf2 Nf4 37. Bxf4 Qxf4 38. Qg3 Qf7 39. Qb8+ Kg7 40.
Qc7 Bxh3 41. Qxf7+ Kxf7 42. c5 g4 43. Ng1 Bd4+ 44. Kg3 Bxg1 45. c6 Bc5 0-1

[Event "Flint (Class DEU/4)"]
[Site "?"]
[Date "1990.??.??"]
[Round "?"]
[White "Landon, Robbie"]
[Black "Mihelich, John"]
[Result "1-0"]
[WhiteElo "1605"]
[BlackElo "1605"]
[PlyCount "51"]
[EventDate "1990.??.??"]

1. e4 e5 2. Bc4 Nf6 3. d3 h6 4. Nf3 d6 5. Be3 a6 6. Nc3 Be7 7. d4 Bg4 8. Qd2
Bxf3 9. gxf3 Nbd7 10. Rg1 Nh5 11. f4 exf4 12. Bxf4 Nb6 13. f3 Qd7 14. Be3 Bf6
15. O-O-O O-O-O 16. Kb1 Kb8 17. Nd5 Nxd5 18. Bxd5 c6 19. Bc4 Rc8 20. Qb4 Ka7
21. e5 Be7 22. exd6 Bxd6 23. Qb3 Rhf8 24. d5+ c5 25. Be2 Nf6 26. Rxg7 1-0

[Event "Detroit (MI Op/3/32)"]
[Site "?"]
[Date "1990.??.??"]
[Round "?"]
[White "Lahr, Fred"]
[Black "Selitsky, B."]
[Result "0-1"]
[WhiteElo "1735"]
[BlackElo "1945"]
[PlyCount "37"]
[EventDate "1990.??.??"]

{3/(32)} 1. e4 c5 2. Nf3 Nc6 3. d4 cxd4 4. Nxd4 Nf6 5. Nc3 e5 6. Ndb5 d6 7. Bg5
a6 8. Na3 b5 9. Nd5 Be7 10. Bxf6 Bxf6 11. c3 O-O 12. Nc2 Rb8 13. Bd3 Bg5 14.
O-O Be6 15. f4 exf4 16. Nxf4 Bxf4 17. Rxf4 Qg5 18. Rf3 Bg4 19. Rg3 0-1

[Event "Detroit (MI Op/5/41)"]
[Site "?"]
[Date "1990.??.??"]
[Round "?"]
[White "Lahr, Fred"]
[Black "Sanborn, Richard"]
[Result "0-1"]
[WhiteElo "1735"]
[BlackElo "1885"]
[PlyCount "116"]
[EventDate "1990.??.??"]

{5/(41)} 1. e4 c5 2. Nf3 d6 3. d4 cxd4 4. Nxd4 Nf6 5. Nc3 a6 6. Be2 e5 7. Nb3
Be6 8. O-O Be7 9. Kh1 O-O 10. f4 Nc6 11. Bf3 Qc7 12. Qe1 b5 13. Qg3 Kh8 14. f5
Bxb3 15. axb3 Nd4 16. Bg5 Nxc2 17. Bxf6 Bxf6 18. Nd5 Qd8 19. Rac1 Rc8 20. Qf2
Nd4 21. Rxc8 Qxc8 22. Nxf6 gxf6 23. Qe3 Kg7 24. Rc1 Qb7 25. Bh5 Rc8 26. Rxc8
Qxc8 27. h3 Qc7 28. Qg3+ Kh6 29. Qh4 Qc1+ 30. Kh2 Qg5 31. Qxg5+ Kxg5 32. Bxf7
Kf4 33. Bd5 a5 34. g3+ Kf3 35. g4 h6 36. Bf7 Kxe4 37. Kg3 Ne2+ 38. Kh4 Nf4 39.
Kg3 d5 40. Be8 b4 41. h4 d4 42. Bc6+ Ke3 43. g5 hxg5 44. hxg5 fxg5 45. Bf3 Ne2+
46. Bxe2 Kxe2 47. f6 d3 48. f7 d2 49. f8=Q d1=Q 50. Qf3+ Kd2 51. Qd5+ Kc1 52.
Qxe5 Qg1+ 53. Kf3 Qf1+ 54. Kg4 Qf4+ 55. Qxf4+ gxf4 56. Kxf4 Kxb2 57. Ke3 Kxb3
58. Kd2 Kb2 0-1

[Event "Detroit (MI Op/7/40)"]
[Site "?"]
[Date "1990.??.??"]
[Round "?"]
[White "Lahr, Fred"]
[Black "Davis, Ralph"]
[Result "1-0"]
[WhiteElo "1735"]
[BlackElo "1605"]
[PlyCount "75"]
[EventDate "1990.??.??"]

{7/(40)} 1. d4 d5 2. Nf3 Nf6 3. g3 c6 4. Bg2 Bg4 5. c4 dxc4 6. Nc3 e6 7. Ne5
Qc7 8. O-O Bb4 9. Qc2 Bxc3 10. bxc3 O-O 11. Nxc4 Nbd7 12. Bf4 Qd8 13. Bd6 Re8
14. e4 b5 15. Ne3 Bh5 16. e5 Nd5 17. a4 a6 18. Qb3 N5b6 19. axb5 axb5 20. Bxc6
Rxa1 21. Rxa1 Qg5 22. Qxb5 f5 23. f4 Qg6 24. Bxd7 Nxd7 25. Qxd7 Qf7 26. Ra7
Qxd7 27. Rxd7 Be2 28. c4 Ra8 29. d5 exd5 30. cxd5 Bb5 31. Rb7 Ra1+ 32. Kg2 Rb1
33. Rb8+ Kf7 34. e6+ Kg6 35. e7 Bf1+ 36. Nxf1 Rxb8 37. Bxb8 Kf7 38. d6 1-0

[Event "Flint (MI Senior/2/5)"]
[Site "?"]
[Date "1990.??.??"]
[Round "?"]
[White "Laemers, J."]
[Black "Rostrom, Richard"]
[Result "1/2-1/2"]
[WhiteElo "1605"]
[BlackElo "1735"]
[PlyCount "80"]
[EventDate "1990.??.??"]

{2/(5)} 1. Nf3 Nf6 2. c4 g6 3. b4 Bg7 4. Bb2 O-O 5. Nc3 d6 6. a3 Nbd7 7. e3 c5
8. b5 b6 9. g3 Bb7 10. Bg2 Rb8 11. Qa4 Bxf3 12. Bxf3 Ne5 13. Be2 Qc7 14. Qc2
Qb7 15. O-O Nf3+ 16. Bxf3 Qxf3 17. Qd1 Qh5 18. Qxh5 Nxh5 19. Ra2 Nf6 20. a4
Rfd8 21. Nd5 Nxd5 22. cxd5 Rd7 23. Bxg7 Kxg7 24. Rc1 f5 25. Rc4 Kf6 26. d4 cxd4
27. Rxd4 Rc7 28. Rd1 Rbc8 29. Kg2 Rc2 30. Rxc2 Rxc2 31. Rd4 Ke5 32. h3 Rc5 33.
f4+ Kf6 34. g4 Rc2+ 35. Kf3 h6 36. Kg3 Rc3 37. Kf3 e5 38. dxe6 Kxe6 39. gxf5+
gxf5 40. Ke2 d5 1/2-1/2

[Event "Flint (MI Senior/4/2)"]
[Site "?"]
[Date "1990.??.??"]
[Round "?"]
[White "Laemers, J."]
[Black "Finegold, Ron"]
[Result "0-1"]
[WhiteElo "1605"]
[BlackElo "2220"]
[PlyCount "54"]
[EventDate "1990.??.??"]

{4/(2)} 1. Nf3 c5 2. c4 g6 3. Nc3 Bg7 4. Qc2 Nc6 5. a3 d6 6. e3 e5 7. g3 f5 8.
d3 Nf6 9. Bg2 O-O 10. O-O f4 11. exf4 exf4 12. Bxf4 Nh5 13. Bd2 Bg4 14. Ne1 Nd4
15. Qb1 Nb3 16. Be3 Nxa1 17. Qxa1 Bxc3 18. bxc3 Be2 19. Bxb7 Rb8 20. Bd5+ Kh8
21. d4 Bxf1 22. Kxf1 Qe7 23. Kg2 Nf6 24. Nd3 Nxd5 25. cxd5 Qe4+ 26. Kg1 Qxd3
27. dxc5 Rb1+ 0-1

[Event "Detroit (MOR/2/44)"]
[Site "?"]
[Date "1990.??.??"]
[Round "?"]
[White "Ladomer, W."]
[Black "Venia, Mike"]
[Result "1-0"]
[WhiteElo "1605"]
[BlackElo "1605"]
[PlyCount "85"]
[EventDate "1990.??.??"]

{2/(44)} 1. e4 c5 2. Nf3 d6 3. d4 cxd4 4. Bb5+ Bd7 5. Bxd7+ Nxd7 6. Qxd4 Ngf6
7. Bg5 e6 8. O-O Be7 9. e5 dxe5 10. Nxe5 Nxe5 11. Qxe5 O-O 12. Nc3 Rc8 13. Rad1
Qc7 14. Qxc7 Rxc7 15. Bf4 Rc4 16. g3 Rfc8 17. Rd2 h6 18. Rfd1 Bb4 19. Be5 Bxc3
20. Rd8+ Kh7 21. Rxc8 Rxc8 22. Bxc3 Nd5 23. Rd3 Nxc3 24. bxc3 Rc7 25. Kg2 Kg6
26. Kf3 Kf6 27. Ke4 Ke7 28. Kd4 b5 29. a3 Rc4+ 30. Ke3 a5 31. Kd2 b4 32. cxb4
axb4 33. a4 Rc7 34. Rd4 Rb7 35. Kc1 e5 36. Rc4 Kd6 37. Kb2 f5 38. Kb3 e4 39.
Rxb4 Kc6 40. Rxb7 Kxb7 41. c4 g5 42. Kc3 h5 43. Kd4 1-0

[Event "Lansing (MI Am/4/38)"]
[Site "?"]
[Date "1990.??.??"]
[Round "?"]
[White "Ladomer, W."]
[Black "Venia, Mike"]
[Result "1-0"]
[WhiteElo "1605"]
[BlackElo "1605"]
[PlyCount "105"]
[EventDate "1990.??.??"]

{4/(38)} 1. e4 Nf6 2. Nc3 d5 3. exd5 Nxd5 4. Nxd5 Qxd5 5. Qf3 Qf5 6. Bc4 Nc6 7.
Qxf5 Bxf5 8. d3 Nd4 9. Bb3 Nxb3 10. axb3 e5 11. Nf3 Bd6 12. O-O O-O 13. Re1
Rfe8 14. Be3 a6 15. Bd2 e4 16. Nd4 Bg6 17. dxe4 Bxe4 18. f3 Bg6 19. Rxe8+ Rxe8
20. Re1 Rxe1+ 21. Bxe1 c5 22. Ne2 Bxc2 23. Nc1 Bf4 24. Ne2 Be3+ 25. Bf2 Bxf2+
26. Kxf2 Bxb3 27. Ke3 f5 28. Kd3 Kf7 29. Kc3 Bd5 30. Nf4 Bc6 31. Nd3 Bb5 32.
Nxc5 Bf1 33. Nxb7 Bxg2 34. Nc5 Bxf3 35. Nxa6 Ke6 36. b4 Ke5 37. Kd3 Kf4 38. b5
g5 39. b6 g4 40. Kd4 h5 41. Nc7 Bb7 42. Ne6+ Kf3 43. Ng5+ Kg2 44. Ke5 Be4 45.
Nxe4 fxe4 46. Kxe4 Kxh2 47. b7 g3 48. b8=Q Kg2 49. Qb2+ Kh3 50. Kf4 g2 51. Qb3+
Kh2 52. Qg3+ Kh1 53. Qh3+ 1-0

[Event "Detroit (MOR/4/26)"]
[Site "?"]
[Date "1990.??.??"]
[Round "?"]
[White "Ladomer, W."]
[Black "Rodriguez, Juan"]
[Result "1/2-1/2"]
[WhiteElo "1605"]
[BlackElo "1605"]
[PlyCount "132"]
[EventDate "1990.??.??"]

{4/(26)} 1. e4 d6 2. d4 Nf6 3. Nc3 g6 4. Bb5+ c6 5. Bc4 Bg7 6. Nf3 O-O 7. h3 b5
8. Bd3 Qb6 9. O-O Nfd7 10. Be3 b4 11. Na4 Qa5 12. b3 Ba6 13. Qd2 c5 14. Bh6 c4
15. Bxg7 Kxg7 16. Be2 Bb5 17. Qg5 Nc6 18. d5 f6 19. Qg3 Nce5 20. Nh4 Bxa4 21.
bxa4 Kh8 22. f4 Nf7 23. Nxg6+ hxg6 24. Qxg6 Qc5+ 25. Kh1 Qe3 26. Rf3 Qd4 27.
Rg3 Qxa1+ 28. Kh2 Ng5 29. Rg4 Rf7 30. fxg5 Qe5+ 31. Kh1 Rh7 32. gxf6 Nxf6 33.
Rg5 Qa1+ 34. Kh2 Rg8 35. Qf5 Rxg5 36. Qxg5 Qe5+ 37. Qxe5 dxe5 38. Bxc4 Nxe4 39.
Bd3 Nd2 40. Bxh7 Kxh7 41. g4 Kg6 42. Kg2 Ne4 43. Kf3 Ng5+ 44. Kg3 Kf6 45. h4
Ne4+ 46. Kf3 Nc3 47. h5 Kg5 48. a5 Nxd5 49. Ke4 Nf6+ 50. Kxe5 Nxg4+ 51. Ke6 Ne3
52. Kxe7 Nxc2 53. Kd6 Kxh5 54. Kc5 Kg5 55. Kc4 Kf5 56. Kb3 Nd4+ 57. Kxb4 Ke5
58. Kc5 Ne6+ 59. Kb5 Kd6 60. Ka6 Nc7+ 61. Kxa7 Kc6 62. a4 Nd5 63. a6 Kc7 64. a5
Nb4 65. Ka8 Nc6 66. a7 Nxa5 1/2-1/2